Truyền thống tôn sư trọng đạo
Sách đề cập mối quan hệ thầy trò thông qua cái nhìn hệ thống về lịch sử phát triển của nền giáo dục Việt Nam.
Spremljeno u:
| Glavni autor: | |
|---|---|
| Format: | Knjiga |
| Jezik: | Undetermined |
| Izdano: |
Tp. HCM
Trẻ
1998
|
| Teme: | |
| Oznake: |
Dodaj oznaku
Bez oznaka, Budi prvi tko označuje ovaj zapis!
|
| Thư viện lưu trữ: | Trung tâm Học liệu Trường Đại học Cần Thơ |
|---|
| LEADER | 00681nam a2200181Ia 4500 | ||
|---|---|---|---|
| 001 | CTU_35780 | ||
| 008 | 210402s9999 xx 000 0 und d | ||
| 082 | |a 371.1023 | ||
| 082 | |b Tr527 | ||
| 100 | |a Hứa Văn Ân | ||
| 245 | 0 | |a Truyền thống tôn sư trọng đạo | |
| 245 | 0 | |c Hứa Văn Ân | |
| 260 | |a Tp. HCM | ||
| 260 | |b Trẻ | ||
| 260 | |c 1998 | ||
| 520 | |a Sách đề cập mối quan hệ thầy trò thông qua cái nhìn hệ thống về lịch sử phát triển của nền giáo dục Việt Nam. | ||
| 650 | |a education - philosophy,moral education | ||
| 980 | |a Trung tâm Học liệu Trường Đại học Cần Thơ | ||